1070 1674 1694 1839 1990 1863 1358 1028 1010 1348 1294 1624 1683 1200 1594 1561 1690 1323 1266 1116 1451 1949 1135 1042 1581 1085 1316 1948 1558 1332 1433 1818 1127 1506 1302 1649 1601 1562 1573 1882 1995 1028 1676 1310 1124 1386 1536 1680 1344 1057 1808 1400 1302 1144 1566 1029 1994 1872 1034 1903 1825 1716 1493 1024 1581 1484 1788 1797 1846 1967 1968 1973 1053 1630 1025 1246 1822 1211 1357 1152 1317 1325 1521 1195 1062 1779 1157 1990 1594 1298 1151 1470 1507 1288 1917 1801 1078 1339 1247 BCNSPRNW ULIB Ver.6.0+V

เปลี่ยนเป็นภาษาไทย

Change to English
 แสดงรายละเอียดบรรณานุกรม
  กลับหน้าหลัก

Brief Record : Get Marc (ISO 2709) : E-mail record : QR code < ปิดหน้าต่าง
LEADER : 00000nam 2200000uu 4500
001    13399128682
003     ULIB
008    020711s2560 th a 000 0 tha d
020    ^a9786161133665
060    ^aWY100^bส691น
110    ^aสำนักการพยาบาล, สำนักงานปลัดกระทรวงสาธารณสุข, กระทรวงสาธารณสุข
245    ^aแนวทางการพัฒนาคุณภาพบริการพยาบาลสำหรับโรงพยาบาลชุมชนที่ยกฐานะเป็นโรงพยาบาลทั่วไป
250    ^aพิมพ์ครั้งที่ 1
260    ^aนนทบุรี :^bสำนักการพยาบาล, สำนักงานปลัดกระทรวงสาธารณสุข, กระทรวงสาธารณสุข,^c2560
300    ^a120 หน้า;^c26 ซม.
650    ^aคุณภาพบริการพยาบาล
945    ^p0^l0^i010328
945    ^p0^l0^i010329
999    ^aประนอม เกษจรัล
รายการนี้ยังไม่มีแท็ก
คุณยังไม่ได้ล็อกอิน คุณสามารถมีกิจกรรมร่วมกับเว็บไซต์ได้ แต่ต้องล็อกอินก่อน ::
  ล็อกอิน

รายการสื่อสารสนเทศ

ลำดับที่ ประเภท เลขเรียก/บาร์โค้ด สถานที่ สถานะ
1. Book การพยาบาล
หนังสือสำรอง
สถานะ=หนังสือสำรอง
WY100 ส691น ฉ.1 
  Barcode: 010328
ห้องสมุดวิทยาเขตสวรรค์ประชารักษ์
►หนังสือทั่วไป
บนชั้น
2. Book การพยาบาล
Book การพยาบาล
WY100 ส691น ฉ.2 
  Barcode: 010329
ห้องสมุดวิทยาเขตสวรรค์ประชารักษ์
►หนังสือทั่วไป
บนชั้น

BibComment


ยังไม่เคยถูกคอมเมนท์

คอมเมนท์ทรัพยากรรายการนี้
  คอมเมนท์: แนวทางการพัฒนาคุ..


 Copyright 2026. Bcnsprnw @Library